000 00656nam a2200229Ia 4500
003 OSt
005 20220928104110.0
006 a|||||r|||| 00| 0
007 ta
008 220927b |||||||| |||| 00| 0 eng d
024 _a33166
037 _cTextual
040 _aSDCL
_cSDCL
_beng
041 _2eng
_aeng
082 _aV2:19(zP)'N9, N4
100 _aKarnad Bharat Ed.
_9408541
245 0 _aFuture imperilled
_b India's security in the ,1990s and beyond
260 _aNew Delhi
_bPenguin Books India
_c1994
300 _a258p
_ccm.
942 _hV2:19(zP)'N9, N4
_cTEXL
_2CC
999 _c724024
_d724024